Statystyki dla Marki samochodowe

Kliknij tutaj aby rozwiązać quiz!

Ogólne statystyki

  • Ten quiz został rozwiązany 979 razy
    (750 od ostatniego zresetowania)
  • Średni wynik to 29 z 65

Statystyki odpowiedzi

KoncernMarka% Poprawnych
FiatFiat
91%
BMW AGBMW
89%
HondaHonda
85%
ToyotaToyota
85%
VAGAudi
84%
Daimler AGMercedes
80%
VAGVolkswagen
77%
NiezależnyFerrari
75%
FMCFord
74%
VAGLamborghini
71%
PSAOpel
71%
VAGSkoda
70%
PSAPeugeot
65%
VAGSeat
64%
HMCHyundai
62%
VAGPorsche
62%
RNARenault
62%
PSACitroen
60%
GeelyVolvo
60%
General MotorsChevrolet
58%
RNANissan
56%
Tata MotorsTata
54%
FiatDodge
53%
HMCKia
53%
FiatAlfa Romeo
51%
VAGBugatti
51%
NiezależnyMazda
50%
RNADacia
49%
VAGBentley
48%
ToyotaSubaru
44%
RNAMitsubishi
43%
Tata MotorsJaguar
42%
FiatJeep
42%
BMW AGMini
42%
NiezależnySuzuki
42%
ToyotaLexus
41%
VAGMan
38%
FiatMaserati
38%
BMW AGRolls-Royce
37%
Tata MotorsLand Rover
36%
NiezależnyAston Martin
35%
VAGScania
34%
RNAŁada
33%
FiatLancia
31%
FiatChrysler
30%
NiezależnyTesla
30%
Daimler AGSmart
27%
HondaAcura
26%
RNAInfiniti
26%
PaccarDAF
25%
General MotorsGMC
25%
Daimler AGMaybach
24%
General MotorsCadillac
23%
FiatIveco
22%
NiezależnyKoenigsegg
18%
FiatRam Trucks
17%
VAGCupra
16%
GeelyLotus
16%
PSAVauxhall
15%
General MotorsBuick
13%
NiezależnyIsuzu
13%
FMCLincoln
13%
ToyotaDaihatsu
11%
PaccarKenworth
6%
PaccarPeterbilt
6%

Rozkład punktacji

Percentyl według liczby udzielonych odpowiedzi

Procent ludzi z każdym wynikiem

Twoja historia wyników

Nie rozwiązałeś tego quizu od ostatniego zresetowania